Footballeurs Français Célèbres par Photo - Statistiques

Statistiques générales
  • Ce quiz a été pris 2 927 fois
  • Le résultat moyen est 23 sur 30
Statistiques - réponses
Par images Réponse % Correct
Antoine Griezmann
100%
Hugo Lloris
98%
Kylian Mbappe
98%
Paul Pogba
98%
Zinedine Zidane
98%
N'Golo Kanté
97%
Olivier Giroud
97%
Thierry Henry
94%
Franck Ribéry
93%
Karim Benzema
93%
Ousmane Dembélé
90%
Raphaël Varane
88%
Didier Deschamps
84%
Blaise Matuidi
82%
Laurent Blanc
76%
Michel Platini
76%
Lilian Thuram
75%
Emmanuel Petit
74%
Patrice Evra
73%
Théo Hernandez
69%
Eric Cantona
67%
Patrick Vieira
67%
Marcel Desailly
66%
David Trezeguet
64%
Claude Makélélé
63%
Robert Pires
60%
Bixente Lizarazu
57%
David Ginola
54%
Jean-Pierre Papin
46%
Nicolas Anelka
37%
Aucun quiz correspondant
Distribution des résultats
% des personnes avec chaque résultat
Percentile par nombre de réponses
Votre historique - résultats
Vous n’avez pas pris ce quiz